|
|
|
|
| LEADER |
03120nam a2200445 a 4500 |
| 001 |
30266 |
| 003 |
BD-DhAAL |
| 005 |
20151111134724.0 |
| 008 |
151111r20152012enk 000 0 eng |
| 010 |
|
|
|a 2011046109
|
| 020 |
|
|
|a 9780521769594 (hbk.)
|
| 020 |
|
|
|a 9780521140935 (pbk.)
|
| 040 |
|
|
|a DLC
|c DLC
|d DLC
|d BD-DhAAL
|
| 042 |
|
|
|a pcc
|
| 050 |
0 |
0 |
|a K3585
|b .S265 2012
|
| 082 |
0 |
0 |
|a 344.046
|2 23
|
| 100 |
1 |
|
|a Sands, Philippe,
|d 1960-
|9 16118
|
| 245 |
1 |
0 |
|a Principles of international environmental law /
|c Philippe Sands and Jacqueline Peel with [contributing authors] Adriana Fabra Aguilar and Ruth MacKenzie.
|
| 250 |
|
|
|a 3rd ed.
|
| 260 |
|
|
|a Cambridge ;
|a New York :
|b Cambridge University Press,
|c 2012 [5th printing 2015]
|
| 300 |
|
|
|a lxvi, 926 p. ;
|c 26 cm.
|
| 504 |
|
|
|a Includes bibliographical references and index.
|
| 541 |
|
|
|e 30266
|
| 650 |
|
0 |
|a Environmental law, International.
|9 16119
|
| 700 |
1 |
|
|a Peel, Jacqueline.
|9 16120
|
| 700 |
1 |
|
|a Fabra Aguilar, Adriana
|9 16121
|
| 700 |
1 |
|
|a MacKenzie, Ruth.
|9 16122
|
| 730 |
0 |
|
|a Principles of international environmental law.
|9 16123
|
| 942 |
|
|
|2 ddc
|c BK
|
| 999 |
|
|
|c 36116
|d 36116
|
| 952 |
|
|
|0 0
|1 0
|2 ddc
|4 0
|6 344_046000000000000_SAN
|7 0
|9 56748
|a BRACUL
|b BRACUL
|c GEN
|d 2015-11-11
|e Riza Enterprise
|g 5015.00
|l 5
|m 51
|o 344.046 SAN
|p 3010030266
|r 2022-05-14
|s 2022-02-16
|t 1
|w 2015-11-11
|y BK
|
| 952 |
|
|
|0 0
|1 0
|2 ddc
|4 0
|6 344_046000000000000_SAN
|7 0
|9 56749
|a BRACUL
|b BRACUL
|c GEN
|d 2015-11-11
|e Riza Enterprise
|g 5015.00
|l 5
|m 56
|o 344.046 SAN
|p 3010030267
|r 2022-05-23
|s 2022-03-14
|t 2
|w 2015-11-11
|y BK
|
| 952 |
|
|
|0 0
|1 0
|2 ddc
|4 0
|6 344_046000000000000_SAN
|7 0
|9 56750
|a BRACUL
|b BRACUL
|c GEN
|d 2015-11-11
|e Riza Enterprise
|g 5015.00
|l 5
|m 79
|o 344.046 SAN
|p 3010030268
|r 2026-04-24
|s 2026-04-04
|t 3
|w 2015-11-11
|y BK
|
| 952 |
|
|
|0 0
|1 0
|2 ddc
|4 0
|6 344_046000000000000_SAN
|7 0
|9 56751
|a BRACUL
|b BRACUL
|c GEN
|d 2015-11-11
|e Riza Enterprise
|g 5015.00
|l 4
|m 13
|o 344.046 SAN
|p 3010030269
|r 2025-10-05
|s 2025-09-23
|t 4
|w 2015-11-11
|y BK
|
| 952 |
|
|
|0 0
|1 0
|2 ddc
|4 0
|6 344_046000000000000_SAN
|7 0
|9 56752
|a BRACUL
|b BRACUL
|c GEN
|d 2015-11-11
|e Riza Enterprise
|g 5015.00
|l 2
|m 14
|o 344.046 SAN
|p 3010030270
|r 2018-09-22
|s 2018-05-24
|t 5
|w 2015-11-11
|y BK
|
| 952 |
|
|
|0 0
|1 0
|2 ddc
|4 0
|6 344_046000000000000_SAN
|7 0
|9 56753
|a BRACUL
|b BRACUL
|c GEN
|d 2015-11-11
|e Riza Enterprise
|g 5015.00
|l 4
|m 24
|o 344.046 SAN
|p 3010030271
|r 2023-01-05
|s 2022-12-24
|t 6
|w 2015-11-11
|y BK
|
| 952 |
|
|
|0 0
|1 0
|2 ddc
|4 0
|6 344_046000000000000_SAN
|7 0
|9 56754
|a BRACUL
|b BRACUL
|c GEN
|d 2015-11-11
|e Riza Enterprise
|g 5015.00
|l 6
|m 70
|o 344.046 SAN
|p 3010030272
|r 2025-12-22
|s 2025-10-30
|t 7
|w 2015-11-11
|y BK
|
| 952 |
|
|
|0 0
|1 0
|2 ddc
|4 0
|6 344_046000000000000_SAN
|7 0
|9 56755
|a BRACUL
|b BRACUL
|c GEN
|d 2015-11-11
|e Riza Enterprise
|g 5015.00
|l 4
|m 60
|o 344.046 SAN
|p 3010030273
|r 2023-01-03
|s 2022-10-22
|t 8
|w 2015-11-11
|y BK
|
| 952 |
|
|
|0 0
|1 0
|2 ddc
|4 0
|6 344_046000000000000_SAN
|7 0
|9 56756
|a BRACUL
|b BRACUL
|c GEN
|d 2015-11-11
|e Riza Enterprise
|g 5015.00
|l 3
|m 27
|o 344.046 SAN
|p 3010030274
|r 2018-10-09
|s 2018-05-17
|t 9
|w 2015-11-11
|y BK
|
| 952 |
|
|
|0 0
|1 0
|2 ddc
|4 0
|6 344_046000000000000_SAN
|7 0
|9 56757
|a BRACUL
|b BRACUL
|c GEN
|d 2015-11-11
|e Riza Enterprise
|g 5015.00
|l 3
|m 24
|o 344.046 SAN
|p 3010030275
|r 2022-12-27
|s 2022-10-03
|t 10
|w 2015-11-11
|y BK
|